[Event "79th ch-GER"]
[Site "Bad Woerishofen GER"]
[Date "2008.02.18"]
[Round "4"]
[White "Kunin,V"]
[Black "Gustafsson,J"]
[Result "1-0"]
[WhiteElo "2538"]
[BlackElo "2607"]

1.d4 Nf6 2.c4 e6 3.Nc3 Bb4 4.f3 O-O 5.e4 d5 6.cxd5 exd5 7.e5 Nfd7 8.f4 c5
9.a3 Ba5 10.Nf3 Nc6 11.Be3 cxd4 12.Nxd4 Re8 13.Be2 Nxd4 14.Bxd4 Nf8 15.O-O Ne6
16.Kh1 Nxd4 17.Qxd4 Bxc3 18.bxc3 Bf5 19.Bf3 Be4 20.Bxe4 dxe4 21.Qxe4 Qc7
22.Rf3 Rac8 23.Re1 Qa5 24.Qxb7 Rxc3 25.Rff1 Rxa3 26.f5 Qa6 27.Qd7 Rf8 28.f6 Qd3
29.e6 Qxd7 30.exd7 gxf6 31.Rf3  1-0

[Event "XXIV Open"]
[Site "Cappelle La Grande FRA"]
[Date "2008.02.21"]
[Round "7"]
[White "Klim,K"]
[Black "Grooten,H"]
[Result "1-0"]
[WhiteElo "2154"]
[BlackElo "2375"]

1.d4 Nf6 2.c4 e6 3.Nc3 Bb4 4.f3 d5 5.a3 Bxc3+ 6.bxc3 c6 7.e3 O-O 8.Bd3 b6
9.Ne2 Ba6 10.cxd5 Bxd3 11.Qxd3 cxd5 12.e4 dxe4 13.fxe4 Nbd7 14.Qf3 Qc7 15.O-O Rac8
16.a4 Qc6 17.Ba3 Rfe8 18.e5 Qxf3 19.Rxf3 Ne4 20.Bc1 a5 21.g4 f6 22.Re3 f5
23.gxf5 exf5 24.Ng3 Nxg3 25.Rxg3 Kf7 26.Bd2 Rc4 27.Kf2 Rec8 28.h4 b5 29.axb5 a4
30.Re1 Re8 31.e6+ Rxe6 32.Rxg7+ Kxg7 33.Rxe6 Nf6 34.b6 Rc8 35.Re7+ Kg6 36.b7 Rf8
37.Rc7 Rb8 38.Bc1 f4 39.Kf3 Kf5 40.Bxf4 Kg6 41.h5+  1-0

[Event "65th ch-POL"]
[Site "Lublin POL"]
[Date "2008.02.26"]
[Round "2"]
[White "Szoen,D"]
[Black "Bartel,Mat"]
[Result "0-1"]
[WhiteElo "2491"]
[BlackElo "2613"]

1.d4 Nf6 2.c4 e6 3.Nc3 Bb4 4.f3 Nh5 5.g3 f5 6.e3 O-O 7.Ne2 b6 8.a3 Be7 9.Bg2 Ba6
10.b3 d5 11.O-O dxc4 12.g4 Nf6 13.gxf5 exf5 14.b4 Bb7 15.Nf4 Qd7 16.e4 g5
17.Nfe2 f4 18.h4 Nh5 19.hxg5 Bxg5 20.Kh2 Bc8 21.Rh1 Qf7 22.Kg1 c5 23.bxc5 bxc5
24.dxc5 Rd8 25.Nd5 Be6 26.Bb2 Nc6 27.Qa4 Ne7 28.Nc7 Ng3 29.Nxg3 fxg3 30.Bc3 Qf4
31.Rh5 Bf7 32.Rxg5+ Qxg5 33.Re1 Qxc5+  0-1

[Event "65th ch-POL"]
[Site "Lublin POL"]
[Date "2008.02.26"]
[Round "2"]
[White "Moranda,W"]
[Black "Dziuba,M"]
[Result "0-1"]
[WhiteElo "2533"]
[BlackElo "2556"]

1.d4 Nf6 2.c4 e6 3.Nc3 Bb4 4.f3 c5 5.d5 d6 6.e4 O-O 7.Ne2 b5 8.Nf4 exd5 9.cxd5 c4
10.a4 Nbd7 11.axb5 Ne5 12.Be3 Bd7 13.h4 Bxb5 14.Rxa7 Rxa7 15.Bxa7 Nfd7 16.Kf2 Qa5
17.Bd4 Nc5 18.Kg3 Bd7 19.Be2 Nb3 20.Nh5 Nxd4 21.Qxd4 Bc5 22.Qd2 Qb6 23.Nd1 Bd4
24.f4 Nd3 25.Bxd3 cxd3 26.Kf3 f5 27.Ng3 Qb3 28.Re1 Rc8 29.Nxf5 Bxf5 30.exf5 Qc2
31.Qb4 d2 32.Rh1 Qd3+ 33.Kg4 h5+ 34.Kg5 Qe2  0-1

[Event "TCh-HUN 2007-8"]
[Site "Budapest HUN"]
[Date "2008.03.02"]
[Round "7"]
[White "Galyas,M"]
[Black "Nemeth,Mi1"]
[Result "0-1"]
[WhiteElo "2433"]
[BlackElo "2439"]

1.d4 Nf6 2.c4 e6 3.Nc3 Bb4 4.f3 d5 5.a3 Bxc3+ 6.bxc3 c5 7.cxd5 Nxd5 8.dxc5 f5
9.Nh3 Qa5 10.e4 fxe4 11.Ng5 Nf6 12.Qb3 O-O 13.Bc4 exf3 14.Be3 fxg2 15.Rg1 Kh8
16.O-O-O h6 17.Nf3 Ng4 18.Nh4 Rf6 19.Nxg2 Nc6 20.Bb5 e5 21.Bd2 Be6 22.Qa4 Qxa4
23.Bxa4 Nf2 24.Rdf1 Bc4 25.Bc2 Bxf1 26.Rxf1 Rd8 27.Rg1 Nh3 28.Rd1 Rf2 29.Ne3 Rxh2
30.Nc4 Nf2 31.Rf1 Nd3+ 32.Kb1 Nxc5 33.Be3 Ne6 34.Be4 Rh4 35.Bxc6 Rxc4  0-1

[Event "24th Open"]
[Site "Bad Woerishofen GER"]
[Date "2008.03.05"]
[Round "7"]
[White "Ballon,G"]
[Black "Rozentalis,E"]
[Result "0-1"]
[WhiteElo "2159"]
[BlackElo "2567"]

1.d4 Nf6 2.c4 e6 3.Nc3 Bb4 4.f3 d5 5.a3 Bxc3+ 6.bxc3 c5 7.cxd5 exd5 8.e3 Bf5
9.Ne2 h5 10.Ng3 Bg6 11.Bd3 Bxd3 12.Qxd3 h4 13.Ne2 Qe7 14.c4 dxc4 15.Qxc4 Nbd7
16.O-O h3 17.g3 O-O 18.Nf4 cxd4 19.Qxd4 Nc5 20.Rb1 Rfd8 21.Qc4 Rac8 22.Nxh3 Nd3
23.Qb3 Qc5 24.Bd2 Qf5 25.Nf2 Ne5 26.Bc3 Nxf3+ 27.Kg2 Nd5 28.Nd1 Rxc3 29.Nxc3 Nxe3+
30.Kh1 Nxf1 31.Rxf1 Qd3 32.Qd1 Nd2  0-1

[Event "XXIII Open"]
[Site "Reykjavik ISL"]
[Date "2008.03.08"]
[Round "6"]
[White "Ragnarsson,J"]
[Black "Gueneau,C"]
[Result "1-0"]
[WhiteElo "2085"]
[BlackElo "2126"]

1.d4 Nf6 2.c4 e6 3.Nc3 Bb4 4.f3 d5 5.a3 Be7 6.e4 dxe4 7.fxe4 e5 8.d5 Bc5
9.Nf3 Bg4 10.Be2 Nbd7 11.Bg5 a5 12.Qd2 O-O 13.Be3 Qe7 14.h3 Bxf3 15.Bxf3 Ne8
16.O-O Qg5 17.Rae1 Nd6 18.Qd3 Bxe3+ 19.Rxe3 Nc5 20.Qe2 a4 21.Kh2 Ra6 22.Nb5 Nxb5
23.cxb5 Rg6 24.Rc3 b6 25.Bg4 Rf6 26.Rcf3 Rxf3 27.Rxf3 Qe7 28.Rc3 Rd8 29.Qe3 Rd6
30.Bd1 Rf6 31.Rc4 h6 32.Bxa4 Rf1 33.Bc2 Qf6 34.b4 Rh1+ 35.Kxh1 Qf1+ 36.Kh2 Qxc4
37.bxc5 Qxc2 38.d6  1-0

[Event "XXIII Open"]
[Site "Reykjavik ISL"]
[Date "2008.03.11"]
[Round "9"]
[White "Ragnarsson,J"]
[Black "Kjartansson,G"]
[Result "1/2-1/2"]
[WhiteElo "2085"]
[BlackElo "2307"]

1.d4 Nf6 2.c4 e6 3.Nc3 Bb4 4.f3 d5 5.a3 Bxc3+ 6.bxc3 c5 7.cxd5 Nxd5 8.dxc5 Qa5
9.e4 Ne7 10.Be3 O-O 11.Qb3 Qc7 12.Bb5 Nec6 13.Rd1 e5 14.Ne2 Be6 15.Qa4 Na5
16.Nc1 a6 17.Be2 Nd7 18.Qb4 Rac8 19.Rd6 Nxc5 20.Rb6 Nc4 21.Bxc5 Qxc5 22.Qxc5 Rxc5
23.Rxb7 Nxa3 24.Bxa6 Rxc3 25.Ne2 Rc6 26.Ra7 Rd8 27.Kf2 h5 28.Bb7 Rc7 29.Rc1 Nc2
30.Ra8 Rxa8 31.Bxa8 Bb3 32.Bd5 Bxd5 33.exd5 Kf8 34.Ng3 g6 35.Ne4 f5 36.Ng5 Ke7
37.Rb1 Rd7 38.Rb2 Nd4 39.Rb6 Rxd5 40.Rxg6 Rc5 41.h4 Rc2+ 42.Kf1 Kd7 43.Rh6 Ne2
44.Kf2 f4 45.Ne4 Ng3+ 46.Ke1 Nxe4 47.fxe4 Rxg2 48.Rxh5 Kd6 49.Rh8 Kc5 50.Rd8 Kc4
51.Rd5 f3 52.h5 Re2+ 53.Kf1 Rxe4 54.Rd6 Rd4 55.Rxd4+ exd4 56.h6 d3 57.Ke1 Kc3
58.h7 Kc2 59.h8=Q d2+ 60.Kf2 d1=Q 61.Qc8+ Kb3 62.Qb7+ Kc2  1/2-1/2

[Event "Isbank Ataturk Women's Masters"]
[Site "Istanbul TUR"]
[Date "2008.03.12"]
[Round "2"]
[White "Krush,I"]
[Black "Atalik,E"]
[Result "1/2-1/2"]
[WhiteElo "2473"]
[BlackElo "2408"]

1.d4 Nf6 2.c4 e6 3.Nc3 Bb4 4.f3 d5 5.a3 Bxc3+ 6.bxc3 c5 7.cxd5 Nxd5 8.Qd3 b6
9.e4 Ba6 10.Qd2 Bxf1 11.Kxf1 Ne7 12.Ne2 Nd7 13.Kf2 O-O 14.h4 Nc6 15.h5 Na5
16.h6 g6 17.Qa2 Rc8 18.Bf4 Qe7 19.Rhd1 c4 20.Rh1 f5 21.exf5 Rxf5 22.Rae1 Rcf8
23.Bh2 R5f7 24.Kg1 Qg5 25.Ng3 Nf6 26.Qe2 Qxh6 27.Ne4 Nxe4 28.Qxe4 Qd2 29.Be5 Qd3
30.Qg4 Qf5 31.Qg3 Nc6 32.Bd6 Rd8 33.Rh4 Qd5 34.Be5 Nxe5 35.Rxe5 Qd6 36.Qe1 Qxa3
37.Rxe6 Qa5 38.Re8+ Rxe8 39.Qxe8+ Kg7 40.Rxh7+ Kxh7 41.Qxf7+ Kh6 42.Qxc4 Qa1+
43.Kh2 b5 44.Qc8 Qe1 45.Qh8+ Kg5 46.Qd8+ Kh6 47.f4 Kg7 48.d5 Qe4 49.Qg5 Qf5
50.Qe7+ Qf7 51.Qe4 Qf6 52.g3 Qxc3 53.Qe7+ Kh6 54.Qh4+ Kg7 55.Qe7+ Kh6 56.Qh4+ Kg7
57.Qe7+  1/2-1/2

[Event "TCh-HUN 2007-8"]
[Site "Budapest HUN"]
[Date "2008.03.16"]
[Round "8"]
[White "Krizsany,L jr"]
[Black "Fusthy,Z"]
[Result "0-1"]
[WhiteElo "2456"]
[BlackElo "2291"]

1.d4 Nf6 2.c4 e6 3.Nc3 Bb4 4.f3 c5 5.d5 Bxc3+ 6.bxc3 Nh5 7.g3 f5 8.Nh3 e5
9.Bg5 Nf6 10.f4 h6 11.fxe5 hxg5 12.exf6 Qxf6 13.Qd2 g4 14.Nf4 g5 15.Nd3 d6
16.e4 fxe4 17.Nb2 Bf5 18.Bg2 Nd7 19.O-O Qg6 20.Qf2 Qh7 21.Qxf5 Qxh2+ 22.Kf2 O-O-O
23.Ke2 Rhf8 24.Qxe4 Rde8 25.Kd3 Rxe4  0-1

[Event "V Int"]
[Site "Los Llanos de Aridane ESP"]
[Date "2008.03.16"]
[Round "2"]
[White "Perez Felipe,M"]
[Black "Vera Gonzalez Quevedo,R"]
[Result "0-1"]
[WhiteElo "2223"]
[BlackElo "2495"]

1.d4 Nf6 2.c4 e6 3.Nc3 Bb4 4.f3 O-O 5.a3 Bxc3+ 6.bxc3 Nh5 7.Nh3 f5 8.e3 d6
9.Bd3 Qh4+ 10.Nf2 Nc6 11.g3 Qe7 12.f4 Nf6 13.O-O e5 14.c5 exf4 15.cxd6 cxd6
16.exf4 Be6 17.Re1 Qf7 18.d5 Bxd5 19.Bxf5 Rfe8 20.Be3 Ne4 21.Bh3 Nxf2 22.Bxf2 Rxe1+
23.Qxe1 Ne5 24.fxe5 Qf3 25.Be6+ Bxe6 26.Qd1 Qxc3 27.exd6 Rd8 28.Qd4 Qc6 29.Rd1 Kh8
30.Qe5 Bh3 31.Qd5 Rxd6 32.Qe5  0-1

[Event "ch-Siberia"]
[Site "Novokuznetsk RUS"]
[Date "2008.03.17"]
[Round "5"]
[White "Kaluga,S"]
[Black "Spirin,Alexa"]
[Result "1-0"]
[WhiteElo "2227"]
[BlackElo "1909"]

1.d4 Nf6 2.c4 e6 3.Nc3 Bb4 4.f3 O-O 5.e4 d6 6.Be3 Nbd7 7.Ne2 b6 8.a3 Bxc3+
9.Nxc3 c5 10.Be2 a6 11.O-O Bb7 12.Qd2 Qe7 13.Bg5 h6 14.Bh4 Kh7 15.Rfe1 g5
16.Bg3 Nh5 17.Bf2 Nf4 18.Bf1 Rg8 19.Rad1 Rad8 20.b4 Ng6 21.Bg3 f6 22.dxc5 dxc5
23.Bc7 cxb4 24.axb4 Qxb4 25.Bxd8 Rxd8 26.Kh1 Ngf8 27.Qd6 Qc5 28.Na4 Qxd6
29.Rxd6 Rc8 30.Nxb6 Rc7 31.Nxd7 Nxd7 32.Rxe6 Kg6 33.Re7 Bc6 34.g3 h5 35.Bh3  1-0

[Event "9th North American Inv"]
[Site "Chicago USA"]
[Date "2008.03.22"]
[Round "1"]
[White "Coleman,T"]
[Black "Chow,A"]
[Result "1/2-1/2"]
[WhiteElo "2244"]
[BlackElo "2208"]

1.d4 Nf6 2.c4 e6 3.Nc3 Bb4 4.f3 d5 5.a3 Bxc3+ 6.bxc3 c5 7.cxd5 Nxd5 8.dxc5 Qa5
9.e4 Nc7 10.Qd4 O-O 11.Qb4 Nc6 12.Qxa5 Nxa5 13.Rb1 e5 14.Ne2 Bd7 15.Nd4 exd4
16.cxd4 Rfc8 17.Bd2 Nc6 18.d5 Nd8 19.Bc4 a6 20.Be3 Bb5 21.Ba2 Bd3 22.Rb2 Kf8
23.a4 a5 24.Kd2 Ba6 25.e5 Rab8 26.Rb6 Na8 27.Rd6 h6 28.Bd4 Ke8 29.Re1 Rc7
30.Bb1 Rbc8 31.f4 Rxc5 32.Bxc5 Rxc5 33.e6 fxe6 34.dxe6 Rc7 35.Bf5 Nc6 36.Rd7 Ne7
37.Bg4 Rxd7+ 38.exd7+ Kd8 39.Re6 Bc4 40.Rd6 Bb3 41.f5 Ng8 42.Rg6 Bxa4 43.Rxg7 Nf6
44.Bf3 Bxd7 45.Rf7 Ne8 46.Bxb7 Nb6 47.Ba6 Nd6 48.Rf8+ Ke7 49.Rb8 Nd5 50.g4 h5
51.h3 hxg4 52.hxg4 a4 53.Bd3 Nf6 54.Rb4 Nf7 55.Bc2 a3 56.Kc1 Bc6 57.Kb1 Bf3
58.Bb3 Ng5 59.Ka2 Bxg4 60.Kxa3 Nge4 61.Be6 Nc5 62.Bc8 Kd8  1/2-1/2

[Event "Far West Open"]
[Site "Reno USA"]
[Date "2008.03.22"]
[Round "3"]
[White "Collyer,C"]
[Black "Strugatsky,V"]
[Result "1/2-1/2"]
[WhiteElo "2255"]
[BlackElo "2400"]

1.d4 Nf6 2.c4 e6 3.Nc3 Bb4 4.f3 d5 5.a3 Be7 6.e4 dxe4 7.fxe4 e5 8.d5 Bc5
9.Nf3 Bg4 10.Bd3 Nh5 11.Be2 Nf4 12.Bxf4 exf4 13.Qa4+ Nd7 14.Ne5 Qh4+ 15.Kd2 f3
16.gxf3 Qg5+ 17.Kc2 Qxe5 18.fxg4 Rd8 19.Raf1 g6 20.Kb1 O-O 21.Qc2 a6 22.h4 Bd4
23.Bd3 Nc5 24.Rh3 Rd6 25.Ka2 Rb6 26.Rb1 Re8 27.Ne2 a5 28.Ng1 Bxg1 29.Rxg1 Rf6
30.Re1 Qd4 31.Rhe3 Re5 32.Qh2 Nxd3 33.Rxd3 Qxc4+ 34.Ka1 Rxe4 35.Red1 Rf1
36.Rxf1 Qxd3 37.Rc1 Re2 38.Qxc7 Qxd5 39.g5 Qd2 40.Qc8+ Kg7 41.Qc3+ Qxc3 42.Rxc3 b5
43.Rc5 b4 44.Ka2 Re4 45.a4 Rxh4 46.Rxa5 h6 47.gxh6+ Kxh6 48.Rb5 f5 49.a5 Kg5
50.a6 Rh8 51.Kb3 Kg4 52.a7 Ra8 53.Rxb4+ f4 54.Ra4 Kg3 55.Ra5 f3 56.Rg5+ Kf4
57.Rxg6 Rxa7 58.Kc3 f2 59.Rf6+ Kg3 60.Rg6+ Kf3 61.Rf6+ Ke2 62.Kc4 Rc7+ 63.Kd4 Rb7
64.Kc3 Re7 65.Kd4 Rb7 66.Kc3 Rg7 67.Kd4 Rg3 68.Rxf2+ Kxf2 69.b4 Rg4+ 70.Kc5 Ke3
71.b5 Rg5+ 72.Kc6 Kd4  1/2-1/2

[Event "9th North American Inv"]
[Site "Chicago USA"]
[Date "2008.03.26"]
[Round "7"]
[White "Coleman,T"]
[Black "Amanov,M"]
[Result "1/2-1/2"]
[WhiteElo "2244"]
[BlackElo "2403"]

1.d4 Nf6 2.c4 e6 3.Nc3 Bb4 4.f3 c5 5.d5 O-O 6.e4 d6 7.Bg5 e5 8.Bd3 Bxc3+
9.bxc3 h6 10.Be3 Nbd7 11.Ne2 Re8 12.Ng3 Nf8 13.O-O Ng6 14.Nf5 Ne7 15.Qc2 Kh7
16.Rae1 g5 17.h4 Nxf5 18.exf5 gxh4 19.Qf2 Ng8 20.g4 hxg3 21.Qxg3 Qf6 22.Kf2 Bxf5
23.Bxf5+ Qxf5 24.Rg1 Qf6 25.Rg2 e4 26.Reg1 Kh8 27.Rh1 exf3 28.Qxf3 Qxf3+
29.Kxf3 Kh7 30.Rgh2 Rad8 31.Bxh6 Nxh6 32.Rxh6+ Kg7 33.Rh7+ Kf6 34.R1h6+ Ke7
35.Re6+ Kd7  1/2-1/2

[Event "ch-NED"]
[Site "Hilversum NED"]
[Date "2008.04.03"]
[Round "2"]
[White "De Jong,JW"]
[Black "Ernst,S"]
[Result "1/2-1/2"]
[WhiteElo "2474"]
[BlackElo "2559"]

1.d4 Nf6 2.c4 e6 3.Nc3 Bb4 4.f3 c5 5.d5 d6 6.e4 O-O 7.Ne2 b5 8.Ng3 Bb7 9.a3 Ba5
10.b4 cxb4 11.Nxb5 exd5 12.cxd5 Re8 13.Be2 bxa3+ 14.Bd2 Bb6 15.Nf5 Bc5 16.Be3 Bb4+
17.Bd2 Bc5 18.Be3 Bb4+ 19.Bd2  1/2-1/2

[Event "Gausdal Classics GMB"]
[Site "Gausdal NOR"]
[Date "2008.04.10"]
[Round "3"]
[White "Grotnes,N"]
[Black "Tofte,S"]
[Result "1-0"]
[WhiteElo "2256"]
[BlackElo "2131"]

1.d4 Nf6 2.c4 e6 3.Nc3 Bb4 4.f3 d5 5.a3 Bxc3+ 6.bxc3 O-O 7.e3 b6 8.cxd5 exd5
9.Bd3 c5 10.Ne2 Ba6 11.O-O Re8 12.Bxa6 Nxa6 13.Ng3 Nc7 14.Ra2 Nb5 15.Qb3 Qd7
16.dxc5 bxc5 17.c4 dxc4 18.Qxc4 Rac8 19.Rd2 Qc6 20.Nf5 Qe6 21.Qf4 g6 22.Nh6+ Kg7
23.Bb2 c4 24.Rd7 c3 25.Rxf7+ Qxf7 26.Nxf7 cxb2 27.Qb4 Rb8 28.Qxb2 Kxf7 29.Rb1 Kg7
30.a4 Nc3 31.Qxb8 Rxb8 32.Rxb8 Nxa4 33.Rb7+ Kh6 34.Rxa7 Nc5 35.h4 Kh5 36.Rf7 Ncd7
37.e4 Kxh4 38.e5 Nxe5 39.Rxf6 Kg3 40.Re6 Nd3 41.Re7 Nf4 42.Re4 h6 43.Kh1 g5
44.Ra4 h5 45.Ra5 g4 46.fxg4 Kxg4 47.Kg1 h4 48.Ra4 Kg3 49.Ra3+ Kg4 50.Rb3 Nd5
51.Kf2 Kf4 52.Rf3+ Kg4 53.Ra3 Nf4 54.Ra4 Kf5 55.Kf3 Ng6 56.Ra5+ Kf6 57.Kg4 Kf7
58.Kg5 h3 59.gxh3 Nf8 60.Ra7+ Kg8 61.Re7 Nh7+ 62.Kg6 Nf8+ 63.Kh6 Kh8 64.Rg7 Ne6
65.Rh7+ Kg8 66.Re7 Nf8 67.Kg5 Nh7+ 68.Kf5 Nf8 69.h4 Nh7 70.h5 Nf8 71.h6 Nh7
72.Rg7+ Kh8 73.Kg6 Nf8+ 74.Kf7 Ne6 75.Rg4 Nd8+ 76.Ke7 Nc6+ 77.Kd6 Nd8 78.Rf4 Kg8
79.h7+ Kxh7 80.Rf8 Nb7+ 81.Kd5 Na5 82.Rb8 Kg7 83.Rb5  1-0

[Event "IX EICC"]
[Site "Plovdiv BUL"]
[Date "2008.04.23"]
[Round "3"]
[White "Elkin,L"]
[Black "Lilov,Valeri"]
[Result "1/2-1/2"]
[WhiteElo "2213"]
[BlackElo "2385"]

1.d4 Nf6 2.c4 e6 3.Nc3 Bb4 4.f3 c5 5.d5 d6 6.e4 O-O 7.Ne2 Nh5 8.Bd2 Bxc3
9.Bxc3 a6 10.a4 f5 11.Qc2 exd5 12.cxd5 fxe4 13.fxe4 Qe7 14.O-O-O b5 15.g4 Nf6
16.e5 dxe5 17.d6 Qe8 18.Bg2 Ra7 19.Ng3 Nxg4 20.Rhe1 Nc6 21.Bd5+ Kh8 22.Qe4 Nd4
23.Rxd4 cxd4 24.Bxd4 Nf6 25.Qxe5 Qxe5 26.Rxe5 Rd7 27.Nf5 Nxd5 28.Rxd5 Rfd8
29.Re5 Kg8 30.axb5 axb5 31.Bb6 Rf8 32.Ne7+ Kh8 33.Bc7 Ba6 34.Kd2 g6 35.Ke3 Rf6
36.Nd5 Rfxd6 37.Bxd6 Rxd6 38.Nc7 Rc6 39.Nxa6 Rxa6 40.Rxb5 Kg7 41.Kd4 Ra4+
42.b4 Ra2 43.h4 h5 44.Rd5 Rh2 45.b5 Rxh4+ 46.Kc5 Rh1 47.b6 Rb1 48.Rd4 Rf1
49.b7 Rf8 50.Kc6 g5 51.Kc7 Kg6 52.Rd8 Rf7+ 53.Kc8 Rxb7 54.Kxb7 Kf5 55.Kc6 h4
56.Rb8 Kg4 57.Kd5 h3 58.Ke4 Kg3  1/2-1/2

[Event "TCh-HUN 2007-8"]
[Site "Budapest HUN"]
[Date "2008.04.27"]
[Round "10"]
[White "Khenkin,I"]
[Black "Pap,G"]
[Result "1-0"]
[WhiteElo "2600"]
[BlackElo "2427"]

1.d4 Nf6 2.c4 e6 3.Nc3 Bb4 4.f3 c5 5.d5 Bxc3+ 6.bxc3 Qa5 7.e4 Qxc3+ 8.Bd2 Qe5
9.Ne2 exd5 10.cxd5 d6 11.Bc3 Qe7 12.g4 Na6 13.Ng3 Nc7 14.Kf2 h6 15.Bc4 b5
16.e5 dxe5 17.d6 Qd7 18.dxc7 bxc4 19.Bxe5 O-O 20.Nf5 Qd3 21.Ne7+ Kh7 22.Rb1 Ba6
23.Re1 Nd7 24.Re3 Qxd1 25.Rxd1 Nb6 26.Nc6 Rac8 27.Rd8 Bb7 28.Bd6 Rg8 29.Rxg8 Rxg8
30.Nd8 Bd5 31.Re5 Be6 32.Rxc5 Nc8 33.Bf4 Re8 34.h4 Kg8 35.Nxe6 fxe6 36.Rxc4 Kf7
37.Be5 g5 38.h5 Nb6 39.Rc6 Ke7 40.Bg7 Nc8 41.Bxh6  1-0

[Event "TCh-HUN 2007-8"]
[Site "Budapest HUN"]
[Date "2008.04.27"]
[Round "10"]
[White "Berkes,F"]
[Black "Szabo,Zso2"]
[Result "1-0"]
[WhiteElo "2606"]
[BlackElo "2445"]

1.d4 Nf6 2.c4 e6 3.Nc3 Bb4 4.f3 d5 5.a3 Bxc3+ 6.bxc3 O-O 7.cxd5 exd5 8.e3 b6
9.Bd3 Ba6 10.Ne2 c5 11.O-O Re8 12.Ng3 Bxd3 13.Qxd3 Nc6 14.Ra2 Rc8 15.Re2 Qd7
16.Bb2 cxd4 17.cxd4 Red8 18.Kh1 Na5 19.e4 Nc4 20.e5 Nxb2 21.Rxb2 Ne8 22.Nf5 Rc6
23.Rc2 Rxc2 24.Qxc2 Nc7 25.f4 Ne6 26.Qd1 Qb5 27.Ng3 Qb2 28.f5 Nxd4 29.Qg4 Kh8
30.e6 fxe6 31.fxe6 Nc6 32.Qg5 Qxa3 33.Nf5 Qf8 34.e7 Nxe7 35.Qxe7 Qxe7 36.Nxe7 g6
37.Kg1 a5 38.Rb1 d4 39.Nc6 Rd6 40.Ne5 Re6 41.Nf3 d3 42.Rd1 Rd6 43.Kf2 b5
44.Ke3 a4 45.Rb1 Rb6 46.Kxd3 b4 47.Nd4 b3 48.Kc3 Rf6 49.Re1 Kg7 50.Re2 Kh6
51.Kb2 Rf1 52.Ne6 Rh1 53.h3 Kh5 54.Re4 Rg1 55.Nf4+ Kg5 56.Rxa4 Rf1 57.Nd3 h5
58.Kxb3 Rg1 59.h4+ Kh6 60.Nf4 Rh1 61.Nh3 Kg7 62.Rf4 Rc1 63.Ng5 Ra1 64.g3  1-0

[Event "IX EICC"]
[Site "Plovdiv BUL"]
[Date "2008.04.29"]
[Round "8"]
[White "Elkin,L"]
[Black "Ivanov,L"]
[Result "1-0"]
[WhiteElo "2213"]
[BlackElo "2020"]

1.d4 Nf6 2.c4 e6 3.Nc3 Bb4 4.f3 d5 5.a3 Bxc3+ 6.bxc3 c6 7.e3 O-O 8.cxd5 exd5
9.Bd3 Re8 10.Ne2 b6 11.O-O Ba6 12.Ng3 Bxd3 13.Qxd3 c5 14.Bb2 Nc6 15.Rae1 Rc8
16.Qd1 Na5 17.e4 cxd4 18.cxd4 Nc4 19.Bc1 h6 20.e5 Nd7 21.f4 Nf8 22.f5 f6
23.e6 Re7 24.Qg4 Kh8 25.Nh5 Nh7 26.Nf4 Nf8 27.Qf3 Qd6 28.Nxd5 Ree8 29.Bf4 Qxa3
30.Qxa3 Nxa3 31.Nc7 Nc2 32.Nxe8 Rxe8 33.d5 Nxe1 34.Rxe1 g5 35.Bc7 b5 36.d6 b4
37.Rb1  1-0

[Event "3rd Cup"]
[Site "Berazategui ARG"]
[Date "2008.05.05"]
[Round "6"]
[White "Barrionuevo,P"]
[Black "Zarnicki,P"]
[Result "1/2-1/2"]
[WhiteElo "2401"]
[BlackElo "2515"]

1.d4 Nf6 2.c4 e6 3.Nc3 Bb4 4.f3 c5 5.d5 b5 6.e4 bxc4 7.Bxc4 exd5 8.Bxd5 Nxd5
9.Qxd5 Nc6 10.Ne2 Ba6 11.Kf2 O-O 12.Be3 Re8 13.Rad1 Qb6 14.h4 Ne5 15.Qb3 Rab8
16.Nd5 Qa5 17.Qc2 c4 18.Nxb4 Qxb4 19.Bd4 Nd3+ 20.Kg1 d5 21.exd5 Qd6 22.h5 Qxd5
23.Rh4 f5 24.Bc3 Qe6 25.Ng3 Rbd8 26.Qd2 h6 27.Rd4 Qb6 28.Nxf5 Bc8 29.Ba5 Qc5
30.Bxd8 Bxf5 31.Qc3 Rxd8 32.Qxc4+ Qxc4 33.Rxc4 Rb8 34.Rd2 Nxb2 35.Rc7 a6
36.Re2 Kh8 37.Ree7 Rg8 38.Rc5 Bd3 39.Rec7 Na4 40.Rc1 Kh7 41.Rc8 Bb5 42.Rxg8 Kxg8
43.Rc7 Nb6 44.Kf2 Nd5 45.Ra7 Kf8 46.g4 Nc3 47.a3 Nb1 48.a4 Bxa4 49.Rxa6 Nc3
50.Ke3 Be8 51.Kf4 Nd5+ 52.Kg3 Nf6 53.Kh4 Bb5 54.Ra8+ Kf7 55.Ra7+ Kg8 56.Re7 Kf8
57.Re5 Bd7 58.g5 hxg5+ 59.Kxg5 Be8 60.Kh4 Kg8 61.Ra5 Kh7 62.f4 Kh6 63.Re5 Bxh5
64.Ra5 Be2 65.Rc5 Bd3 66.Ra5 Kg6 67.Rg5+ Kf7 68.Ra5 Be4 69.Re5 g6 70.Ra5 Bf5
71.Ra7+ Bd7 72.Kg5 Nh7+ 73.Kh6 Nf6 74.Kg5 Ne4+ 75.Kh6 Nf6 76.Kg5 Nh7+ 77.Kh6 Nf8
78.Kg5 Ke6 79.Ra8 Ke7 80.Rxf8  1/2-1/2

[Event "Kaupthing Open"]
[Site "Differdange LUX"]
[Date "2008.05.10"]
[Round "1"]
[White "Henrichs,T"]
[Black "Prizker,B"]
[Result "1-0"]
[WhiteElo "2497"]
[BlackElo "2214"]

1.d4 Nf6 2.c4 e6 3.Nc3 Bb4 4.f3 c5 5.d5 b5 6.e4 bxc4 7.Bxc4 exd5 8.Bxd5 Nxd5
9.Qxd5 Nc6 10.Ne2 Ba6 11.Kf2 Ne7 12.Qd6 Qb6 13.Rd1 c4+ 14.Qxb6 axb6 15.Be3 Rb8
16.Nf4 Bb7 17.Nh5 O-O 18.Rxd7 Bc6 19.Rd2 f5 20.e5 Ng6 21.f4 Nh4 22.a3 Bc5
23.Rg1 Rfd8 24.Rxd8+ Rxd8 25.Bxc5 bxc5 26.Rd1 Rd4 27.g3 Nf3 28.h3 Nd2 29.Ke1 Nb3
30.Ke2 Bg2 31.Rxd4 cxd4 32.Nd1 Bxh3 33.Nf2 Bg2 34.g4 fxg4 35.Nxg4 Bh3 36.Nf2 d3+
37.Ke3 Bg2 38.f5 Bc6 39.Nf4 Kf7 40.Ne6 Ke7 41.Nxg7 Bd7 42.e6 Bc6 43.Ng4 d2
44.f6+ Kf8 45.Nh6  1-0

[Event "Kaupthing Open"]
[Site "Differdange LUX"]
[Date "2008.05.13"]
[Round "5"]
[White "Henrichs,T"]
[Black "Rudolf,An"]
[Result "1/2-1/2"]
[WhiteElo "2497"]
[BlackElo "2302"]

1.c4 Nf6 2.d4 e6 3.Nc3 Bb4 4.f3 d5 5.a3 Bxc3+ 6.bxc3 c5 7.cxd5 Nxd5 8.dxc5 Qa5
9.e4 Ne7 10.Be3 O-O 11.Qb3 Qc7 12.a4 Nbc6 13.Bb5 e5 14.Bxc6 Nxc6 15.Rb1 Na5
16.Qb4 Be6 17.Ne2 Nc4 18.Bf2 Rfd8 19.Nd4 exd4 20.cxd4 b6 21.Qc3 bxc5 22.d5 Bxd5
23.exd5 Re8+ 24.Kf1 Qf4 25.Kg1 Ne3 26.Qxc5 Qf5 27.Re1 Nxd5 28.Rxe8+ Rxe8
29.h3 Rc8 30.Qd6 h5 31.Kh2 Rc2 32.Rf1 Nf4 33.Qb8+ Kh7 34.Qxa7 Qd3 35.Rg1 Ne2
36.Qxf7 Nxg1 37.Qxh5+ Kg8 38.Qe8+  1/2-1/2

[Event "XXVII Open"]
[Site "Zalakarosi HUN"]
[Date "2008.05.28"]
[Round "7"]
[White "Bluvshtein,M"]
[Black "Medvegy,Z"]
[Result "1/2-1/2"]
[WhiteElo "2544"]
[BlackElo "2512"]

1.d4 Nf6 2.c4 e6 3.Nc3 Bb4 4.f3 Nc6 5.e4 d5 6.cxd5 exd5 7.e5 Ng8 8.f4 Nh6
9.a3 Ba5 10.Bb5 Bd7 11.Nf3 Nf5 12.b4 Bb6 13.Bxc6 Bxc6 14.Qd3 Bd7 15.Nxd5 Nxd4
16.Nxd4 Bxd4 17.Qxd4 Be6 18.Nxc7+ Qxc7 19.O-O Bf5 20.Be3 O-O 21.Rac1 Qb6
22.Qxb6 axb6 23.Rc3 b5 24.Rd1 Be6 25.Rd6 Ra6 26.Bb6 h5 27.Ba5 Rxd6 28.exd6 Rc8
29.Bc7 Bd7 30.Kf2 Re8 31.Rc5 f5 32.Bb6 Re6 33.Rd5 Re4 34.g3 Kf7 35.Rd2 Ke6
36.Bd4 g6 37.Bg7 Bc6 38.d7 Bxd7 39.Be5 Ke7 40.Rd6 Be8 41.Rd4  1/2-1/2

[Event "XXVII Open"]
[Site "Zalakarosi HUN"]
[Date "2008.05.30"]
[Round "9"]
[White "Bluvshtein,M"]
[Black "Csiszar,C"]
[Result "1-0"]
[WhiteElo "2544"]
[BlackElo "2415"]

1.d4 Nf6 2.c4 e6 3.Nc3 Bb4 4.f3 d5 5.a3 Bxc3+ 6.bxc3 c5 7.e3 Qc7 8.Bd2 O-O
9.cxd5 Nxd5 10.Bd3 b6 11.Ne2 Ba6 12.Bxa6 Nxa6 13.e4 Ne7 14.Qa4 Qb7 15.O-O Rac8
16.Be3 f5 17.Qc4 Rf6 18.Bg5 cxd4 19.Qa2 d3 20.Bxf6 dxe2 21.Qxe6+ Kh8 22.Rfe1 gxf6
23.Qxf6+ Kg8 24.exf5 Rf8 25.Qg5+ Kh8 26.f6 Nd5 27.Rxe2 Nxf6 28.Rae1 Qg7 29.Qxg7+ Kxg7
30.Re7+ Rf7 31.c4 Nc5 32.g4 Kf8 33.Rxf7+ Kxf7 34.Kg2 Ne8 35.f4 Nd6 36.Rc1 Ke6
37.f5+ Ke5 38.Kf3 h6 39.h3 Kf6 40.Rc2 Nd3 41.Ke3 Ne5 42.Kd4 Nb7 43.Re2 Nc6+
44.Kc3 Ne5 45.Rd2 Ke7 46.Rd5 Nd7 47.h4 Nbc5 48.g5 hxg5 49.hxg5 Nb8 50.Kd4 Nc6+
51.Ke3 Kf7 52.Kf4 Kg7 53.Rd6 Na5 54.Rg6+ Kf8 55.Rh6 Nxc4 56.Rh7 Nd6 57.g6 Nd3+
58.Kg5 Ne4+ 59.Kh6 Ne5 60.Rxa7 Ng4+ 61.Kh7 Nef6+ 62.Kh8 Nh6 63.Rb7 Ne8 64.Kh7 Nxf5
65.Rf7+  1-0

[Event "TCh-BIH"]
[Site "Neum BIH"]
[Date "2008.06.04"]
[Round "1"]
[White "Berkes,F"]
[Black "Cvitan,O"]
[Result "1-0"]
[WhiteElo "2618"]
[BlackElo "2538"]

1.d4 Nf6 2.c4 e6 3.Nc3 Bb4 4.f3 d5 5.a3 Bxc3+ 6.bxc3 c5 7.cxd5 Nxd5 8.dxc5 Nd7
9.e4 Ne7 10.Be3 O-O 11.Bb5 Qa5 12.Qb3 Qc7 13.Bxd7 Bxd7 14.Ne2 Nc6 15.c4 Rfb8
16.O-O b6 17.cxb6 axb6 18.Rfc1 Be8 19.Bf4 e5 20.Be3 Na5 21.Qb4 Nc6 22.Qb2 Na5
23.Nc3 Nxc4 24.Nd5 Nxb2 25.Rxc7 Na4 26.Rac1 h5 27.Re7 Nb2 28.Bxb6 Nd3 29.Rc3 Nf4
30.Rb3 Ba4 31.Rb4 Bc6 32.Ra7 Rxa7  1-0

[Event "ch-URU"]
[Site "Montevideo URU"]
[Date "2008.06.07"]
[Round "10"]
[White "Guerrero,Alv"]
[Black "Rodriguez,Sa"]
[Result "1/2-1/2"]
[WhiteElo "2216"]
[BlackElo "2204"]

1.d4 Nf6 2.c4 e6 3.Nc3 Bb4 4.f3 c5 5.d5 b5 6.e4 bxc4 7.Bxc4 Nxd5 8.Bxd5 exd5
9.Qxd5 Nc6 10.Ne2 Ba6 11.Be3 Rb8 12.Rd1 O-O 13.Rd2 Re8 14.Bf4 Qh4+ 15.Bg3 Qh6
16.Bxb8 Rxb8 17.Qd6 Qh4+ 18.g3 Qh5 19.Kf2 c4 20.Qf4 Qh3 21.Qg5 d6 22.Nf4 Qc8
23.Nh5 Qf8 24.Nf6+ Kh8 25.Nfd5 Bc5+ 26.Kg2 h6 27.Qh4 Ne5 28.Qe7 f5 29.Qxf8+ Rxf8
30.Rf1 Bc8 31.Ne7 fxe4 32.fxe4 Bh3+ 33.Kxh3 Rxf1  1/2-1/2

[Event "TCh-BIH"]
[Site "Neum BIH"]
[Date "2008.06.08"]
[Round "5"]
[White "Berkes,F"]
[Black "Drasko,M"]
[Result "1-0"]
[WhiteElo "2618"]
[BlackElo "2536"]

1.d4 e6 2.c4 Nf6 3.Nc3 Bb4 4.f3 d5 5.a3 Bxc3+ 6.bxc3 c6 7.Qc2 Qa5 8.e3 O-O
9.Bd2 Re8 10.cxd5 cxd5 11.Bd3 Nc6 12.c4 Qd8 13.cxd5 exd5 14.Ne2 Bd7 15.O-O Rc8
16.Qb2 b6 17.Rac1 Ne7 18.e4 dxe4 19.fxe4 Bg4 20.Rxc8 Nxc8 21.Ng3 Nh5 22.Nh1 Nf6
23.Bg5 h6 24.Bxf6 gxf6 25.Ng3 Qd6 26.e5 fxe5 27.Ne4 Qxd4+ 28.Qxd4 exd4 29.Nf6+ Kf8
30.Nxg4 h5 31.Nf6 Re3 32.Rd1 h4 33.Ng4  1-0